Convivenze e matrimonio cristiano. (Record n. 210544)

Dettagli MARC
000 -LEADER
campo di controllo lung. fissa 01769nam a2200241Ia 4500
001 - Numero di controllo
campo di controllo b6495-46458
003 - Identificatore del numero di controllo
campo di controllo IT-MiCISF
005 - Data e orario dell'ultima transazione
campo di controllo 20240912161440.0
008 - Elementi di lunghezza fissa--Informazione generale
campo di controllo lung. fissa 161014s9999||||xx |||||||||||||| ||und||
040 ## - Fonte della catalogazione
Agenzia catalografica originale IT-MiCISF
Agenzia che fa la trascrizione IT-MiCISF
041 ## - Codice di lingua
Codice di lingua del testo/traccia sonora o titolo separato it
100 ## - Accesso principale -- nome di persona
Nome di persona Boffi Pietro (a cura di)
9 (RLIN) 59835
245 #0 - Formulazione del titolo
Titolo Convivenze e matrimonio cristiano.
Complemento del titolo Tra realismo e annuncio di fede
260 ## - Pubblicazione, distribuzione, ecc. (stampa)
Luogo di pubblicazione, distribuzione, ecc. Milano,
Nome dell'editore, distributore, ecc. Paoline,
Data di pubblicazione, distribuzione, ecc. 2009
300 ## - Descrizione fisica
Estensione pp. 132
500 ## - Nota generale
Nota generale / convivenza, matrimonio-sacramento, pastorale-familiare /
520 ## - Riassunto, ecc.
Nota di riassunto, ecc. Il fenomeno delle convivenze, pone alla Chiesa una questione tipicamente pastorale. Come immaginare una pratica pastorale che sappia tenere conto della posta in gioco, senza sacrificare nessuno dei valori che dicono l'identità cristiana e ne custodiscono la fede? Il libro fornisce le coordinate principali e qualche utile indicazione pratica, perché gli operatori pastorali possano affrontare con equilibrio i delicati problemi che la presenza di coppie già conviventi pone alla dinamica dei corsi prematrimoniali, rifuggendo i due estremi: un atteggiamento di condanna e rifiuto o una accettazione silenziosa del dato di fatto.Viene innanzitutto tracciato il profilo sociologico delle motivazioni dei conviventi (F. Belletti); vengono quindi fornite le coordinate teologiche ed ecclesiali (A. Fumagalli). Sono poi proposte alcune piste per presentare l'annuncio cristiano sulla sessualità, l'affettività, la corporeità (G. Grandis). Infine una serie di suggerimenti per un più efficace "accompagnamento" dei conviventi (L. Bressan).
650 ## - Accesso aggiunto di soggetto--termine topico
Termine topico o nome geografico come accesso Matrimonio
Termine di ruolo 012
654 ## - Accesso aggiunto di soggetto--termini topici faccettati
Termine principale saggio
700 ## - Accesso aggiunto--nome di persona
Nome di persona Anfossi G., Belletti F., Bressan L., Fumagalli A., Grandis G., Nicolli S.
9 (RLIN) 60550
942 ## - Dati aggiuntivi (Koha)
Tipo copia default (Koha) LIBRO
Fonte della classificazione o dello schema di collocazione (segnatura) Dewey Decimal Classification
999 ## - Sys Number locale (Koha)
Koha Dewey Subclass [OBSOLETE] si
Dati di copia
Ritirato (status) Perso (status) Fonte della classificazione o dello schema di collocazione (segnatura) Danneggiato (status) Non per il presito Biblioteca proprietaria Biblioteca in cui si trova Data d'acquisizione Totale prestiti Collocazione Data ultima operazione Prezzo in vigore dal Tipo copia default (Koha) Nota pubblica
    Dewey Decimal Classification Buone Condizioni Not For Loan CISF - Milano CISF - Milano 14/10/2016   B6495-46458 14/10/2016 14/10/2016 LIBRO Data import 15.10.2016 / by Epidotti, Vaglietti
CREDITS: SOCIETA' SAN PAOLO Via A.Severo, 58 - ROMA (RM) & PERIODICI SAN PAOLO SRL Via Giotto, 36 MILANO & CISF Via Giotto, 36 MILANO & EDIZIONI SAN PAOLO SRL,  Piazza Soncino, 5 CINISELLO BALSAMO (MI) -- ITALY